000
00360nam a22001097a 4500
082
_a
891.432/CHA/D
100
_a
चतुवेैदी,सुधाधु
_9
83417
245
_a
शकुन्तला नाटक
260
_a
नई दिल्ली
_b
कौटिल्य प्रकाशन
_c
2024
650
_a
नाटक
942
_c
IB
999
_c
68320
_d
68320